00949nam a2200265Ia 450000500170000000800390001702000180005610000550007424501050012925000210023430000260025549000270028150000270030850400410033553400260037665000400040265000420044270000370048426400280052133600270054933700330057633800280060904000350063708400110067220220316235951.0141031s2012 sp g 000 p spa a97884376074361 aLautreamont, Isidore Ducasse, Conde de,d1845-187014aLos cantos de Maldoror cIsidore Ducasse, Conde de Lauteamont ; traducción de Manuel Serrat Crespo aOctava edición a327 páginasc20 cm. aLetras universalesv89 aIncluye Bibliografía aIncluye referencias bibliográficas tLe chants de Maldoror142LEMBaPoesía francesa ySiglo XIX142LEMBaLiteratura francesa ySiglo XIX1 aSerrat Crespo, Manueletraductor aMadridbCátedrac2012 atextobtxt2rdacontent asin mediaciónbn2rdamedia avolumenbnc2rdacarrier aCO-BoRNBPbspaerdacCO-BoRNBP aP LAU1